书目信息 |
| 题名: |
营地心理辅导手册
|
|
| 作者: | 戴育红 主编 | |
| 分册: | ||
| 出版信息: | 广州 广东教育出版社 2003 |
|
| 页数: | 129页 | |
| 开本: | 26cm | |
| 丛书名: | 学校团体心理辅导丛书 | |
| 单 册: | ||
| 中图分类: | B844.2 , G622.3 | |
| 科图分类: | ||
| 主题词: | 小学生--心理卫生--教学参考资料 , 活动课程--小学--教学参考资料 , 小学生 , 心理卫生 , 活动课程 | |
| 电子资源: | ||
| ISBN: | 7-5406-5169-5 | |
| 000 | 00976oam2 2200301 450 | |
| 001 | 1571981759 | |
| 005 | 20150129195955.89 | |
| 010 | @a7-5406-5169-5@dCNY17.80 | |
| 100 | @a20040112d2003 em y0chiy50 ea | |
| 101 | 0 | @achi |
| 102 | @aCN@b440000 | |
| 105 | @aa z 000yy | |
| 200 | 1 | @a营地心理辅导手册@9ying di xin li fu dao shou ce@f戴育红等主编 |
| 210 | @a广州@c广东教育出版社@d2003 | |
| 215 | @a129页@c照片@d26cm | |
| 225 | 2 | @a学校团体心理辅导丛书@v3 |
| 330 | @a该手册介绍了典型性、结构性团体辅导活动的设计与带领技巧。探讨了开展营地辅导活动的目的、意义以及活动设计技术、活动带领技巧和活动评估方法等内容。 | |
| 461 | 0 | @12001 @a学校团体心理辅导丛书 |
| 606 | 0 | @a小学生@x心理卫生@j教学参考资料 |
| 606 | 0 | @a活动课程@x小学@j教学参考资料 |
| 606 | 0 | @a小学生 |
| 606 | 0 | @a心理卫生 |
| 606 | 0 | @a活动课程 |
| 690 | @aB844.2@v5 | |
| 690 | @aG622.3@v5 | |
| 701 | 0 | @a戴育红@9dai yu hong@4主编 |
| 801 | 0 | @aCN@bTSSF@c20150129 |
| 905 | @aZUCC@dB844.2@eJY52 | |
| 营地心理辅导手册/戴育红等主编.-广州:广东教育出版社,2003 |
| 129页:照片;26cm.-(学校团体心理辅导丛书;3) |
| ISBN 7-5406-5169-5:CNY17.80 |
| 该手册介绍了典型性、结构性团体辅导活动的设计与带领技巧。探讨了开展营地辅导活动的目的、意义以及活动设计技术、活动带领技巧和活动评估方法等内容。 |
| ● |
| 相关链接 |
|
|
|
|
正题名:营地心理辅导手册
索取号:B844.2/JY52
 
预约/预借
| 序号 | 登录号 | 条形码 | 馆藏地/架位号 | 状态 | 备注 |
| 1 | 7857825 | 278578255 | 学院路分馆/ [索取号:B844.2/JY52] | 在馆 |